|
|
|
|
| LEADER |
00000nam a2200000 a 4500 |
| 003 |
eccuu |
| 005 |
20230531174046.0 |
| 006 |
a||||fr|||| 0|1 | |
| 007 |
ta |
| 008 |
230503s2020 ec ddddfr|||| 0|1 | spa a |
| 020 |
|
|
|a 978-9978-19-997-8
|
| 040 |
|
|
|a eccuu
|b spa
|c eccuu
|e rda
|
| 041 |
0 |
|
|a spa
|
| 082 |
0 |
|
|2 22
|a 332.498 66
|c 36392350
|
| 245 |
|
|
|a Dolarización, instituciones y competitividad /
|c Wilson Araque Jaramillo, Esteban Lucero V.
|
| 250 |
|
|
|a Primera edición.
|
| 264 |
|
1 |
|a Quito:
|b Corporación Editora Nacional,
|c 2020.
|
| 300 |
|
|
|a 166 páginas:
|b gra
|c 21 cm
|
| 336 |
|
|
|2 rdacontent
|a texto
|b txt
|
| 337 |
|
|
|2 rdamedia
|a no mediado
|b n
|
| 338 |
|
|
|2 rdacarrier
|a volumen
|b nc
|
| 490 |
0 |
|
|a Gestión
|n número 12
|
| 504 |
|
|
|a incl. bibind.
|
| 505 |
0 |
|
|a Presentación -- Ecuador: instituciones y dolarización. Esteban Lucero Villarreal -- Dolarización, competitividad y el bienestar. Jairo Rivera Vásquez -- Dolarización, competitividad y los pilares macroeconómico y financiero. Carlos Oñate Paredes 4. Dolarización y el espacio institucional y de la innovación -- Wilson Araque Jaramillo.
|
| 650 |
1 |
7 |
|2 UCuenca-cdrjbv
|9 19184
|a Dolarizacion ecuatoriana
|
| 650 |
1 |
7 |
|a Situación económica
|9 110084
|
| 651 |
|
|
|2 UCuenca-cdrjbv
|
| 700 |
1 |
|
|9 309447
|a Araque Jaramillo, Wilson.
|e editor
|
| 700 |
1 |
|
|a Lucero V., Esteban.
|9 309457
|
| 942 |
|
|
|2 ddc
|c CR
|r maria.lopezr@ucuenca.edu.ec
|
| 999 |
|
|
|c 162081
|d 162081
|